Экономическая теория: учебник

Bibliografiske detaljer
Hovedforfatter: Пястолов С. М. Сергей Михайлович
Summary:Приведен обзор экономических теорий и базовых концепций современной экономики. Содержание макро- и микроэкономических теорий раскрыто на примерах конкретных экономических ситуаций с учетом опыта преобразований в российской экономике. Рассмотрены закономерности развития мирового хозяйства и международных экономических отношений.Для студентов средних профессиональных учебных заведений.
Sprog:russisk
Udgivet: Москва, Академия, 2007
Serier:Среднее профессиональное образование. Экономика и управление
Fag:
Format: MixedMaterials Bog
KOHA link:https://koha.lib.tpu.ru/cgi-bin/koha/opac-detail.pl?biblionumber=138009

MARC

LEADER 00000nam0a2200000 4500
001 138009
005 20231031141246.0
010 |a 9785769535864 
035 |a (RuTPU)RU\TPU\book\149546 
090 |a 138009 
100 |a 20080519d2007 m y0rusy50 ca 
101 0 |a rus 
102 |a RU 
105 |a a j 001zy 
200 1 |a Экономическая теория  |e учебник  |f С. М. Пястолов 
210 |a Москва  |c Академия  |d 2007 
215 |a 253 с.  |c ил. 
225 1 |a Среднее профессиональное образование. Экономика и управление 
320 |a Список литературы: с. 249. 
330 |a Приведен обзор экономических теорий и базовых концепций современной экономики. Содержание макро- и микроэкономических теорий раскрыто на примерах конкретных экономических ситуаций с учетом опыта преобразований в российской экономике. Рассмотрены закономерности развития мирового хозяйства и международных экономических отношений.Для студентов средних профессиональных учебных заведений. 
610 1 |a экономика 
610 1 |a экономическая теория 
610 1 |a экономическая мысль 
610 1 |a экономические концепции 
610 1 |a экономические системы 
610 1 |a микроэкономика 
610 1 |a потребление 
610 1 |a потребители 
610 1 |a рынок 
610 1 |a рыночные отношения 
610 1 |a производство 
610 1 |a рыночная экономика 
610 1 |a государственное регулирование 
610 1 |a макроэкономика 
610 1 |a валовой внутренний продукт 
610 1 |a ВВП 
610 1 |a совокупный спрос 
610 1 |a совокупное предложение 
610 1 |a безработица 
610 1 |a инфляция 
610 1 |a монетарная политика 
610 1 |a денежная политика 
610 1 |a фискальная политика 
610 1 |a экономическая политика 
610 1 |a Российская Федерация 
610 1 |a мировая экономика 
610 1 |a мировое хозяйство 
610 1 |a торговые барьеры 
610 1 |a обменные курсы 
610 1 |a платежный баланс 
610 1 |a глобальные проблемы 
610 1 |a учебники 
686 |a У011я73  |v LBC/SL-A  |2 rubbk 
700 1 |a Пястолов  |b С. М.  |g Сергей Михайлович 
801 1 |a RU  |b 63413507  |c 20080519  |g PSBO 
801 2 |a RU  |b 63413507  |c 20220413  |g PSBO 
942 |c BK 
959 |a 50/20080519  |d 2  |e 0  |f ЧЗГЛ:1  |f АНЛ:1